000 006010000a22001810004500
003 MACL
005 20160507162316.0
008 160507b xxu||||| |||| 00| 0 eng d
040 _aMACL
_cMACL
041 _aHindi
082 _a800 SHA
100 _aशर्मा, शंकर दयाल
_951438
245 _aहमारे चिंतन की मूलधारा
_cशंकर दयाल शर्मा
260 _bप्रभात प्रकाशन
_c1992
_aनई दिल्‍ली
350 _a60
650 _aLiterature
_955629
942 _cHIN
_k800/SHA/L
_2ddc
999 _c19824
_d19824